NTA CUET (UG) GENERAL APTITUDE TEST (Record no. 215892)

MARC details
000 -LEADER
fixed length control field 00652nam a2200205 4500
005 - DATE AND TIME OF LATEST TRANSACTION
control field 20260415144948.0
010 ## - LCCN (DPL NO)
LC control number ENG-148287
020 ## - INTERNATIONAL STANDARD BOOK NUMBER
International Standard Book Number 9789371360777
Terms of availability 435.00
035 ## - SYSTEM CONTROL NUMBER
System control number EN-131819
037 ## - SOURCE OF ACQUISITION
Source of stock number/acquisition DBAD
082 ## - DEWEY DECIMAL CLASSIFICATION NUMBER
Edition number 1
Classification number 000
100 ## - MAIN ENTRY--PERSONAL NAME
Personal name Pujara, Bhavuk
245 ## - TITLE STATEMENT
Title NTA CUET (UG) GENERAL APTITUDE TEST
Statement of responsibility, etc Bhavuk Pujara
250 ## - EDITION STATEMENT
Edition statement 1
260 ## - PUBLICATION, DISTRIBUTION, ETC. (IMPRINT)
Place of publication, distribution, etc UTTAR PRADESH
Name of publisher, distributor, etc Pearson India Education Services pvt. ltd,U72200tnoo5ptco57128.
270 ## - ADDRESS
Address IST FLOOR, BERGER TOWER, PLOT NO. C-001A/2, SECTOR 16B, NOIDA
City INDIA
Postal code 201301
300 ## - PHYSICAL DESCRIPTION
Extent 32.pg
Dimensions 23cm(pb)
700 ## - ADDED ENTRY--PERSONAL NAME
Personal name Bhavuk pujara
9 (RLIN) 88922
942 ## - ADDED ENTRY ELEMENTS (KOHA)
Source of classification or shelving scheme Dewey Decimal Classification
Item type English Books
Edition 1
Classification part 000
Call number suffix PUJ
Holdings
Withdrawn status Lost status Not for loan Collection code Home library Current library Date acquired Source of acquisition Cost, normal purchase price Full call number Barcode Copy number Cost, replacement price Koha item type
    Not For Loan Non-fiction D.B.Act.Division D.B.Act.Division 15/04/2026 DBAD 435.00 000 PUJ EN-131819 1 435.00 English Books

© Delhi Public Library
Hit Counter
free hit counter